000 01349 a2200229 4500
005 20260202091437.0
008 260202b |||||||| |||| 00| 0 eng d
020 _a9789388514057 (सेट) (hbk)
037 _cREF
040 _aAL
_cAL
041 _2hin
_ahin
084 _aP152k R1.1-.6 (RR)
_qAL
245 _aहिन्दी भाषा एवं भाषा विज्ञान कोश
260 _aजयपुर, भारत:
_bपैराडाइज पब्लिशर्स,
_c2021.
300 _aभाग 1 (1-178पृ.), भाग 2 (1-321 पृ.), भाग 3 (1-322पृ.), भाग 4 (1-168पृ.), भाग 5 (1-160पृ.), भाग 6 (1-104पृ.),
365 _b9900.00
_cINR
650 _aहिन्दी भाषा
_91113018
650 _aभाषा विज्ञान
_91113019
700 _aकलासवा, बी. के.
_eसम्पादक
_91113020
942 _cREF
_2CC
_n0
_hP152k R1.1-.6 (RR)
999 _c1467394
_d1467394